Montaje de originales graficos para su reproducción : un manual práctico
| Main Authors: | , |
|---|---|
| Format: | Section = Libro |
| Language: | Undetermined Spanish |
| Published: |
Barcelona
Gustavo Gili
1985
|
| Edition: | 2a.ed. |
| Subjects: |
| LEADER | 00557nam a2200205Ia 4500 | ||
|---|---|---|---|
| 008 | 240829s9999 xx 000 0 und d | ||
| 020 | |a 84-252-1160-3 | ||
| 040 | |a BIBLIOTECA-RUSB/ 741.018 D384 | ||
| 041 | |a spa | ||
| 082 | |a 741.018 D384 | ||
| 100 | 1 | |a Demoney, Jerry | |
| 100 | 1 | |b Meyer, Susan E | |
| 245 | 1 | 0 | |a Montaje de originales graficos para su reproducción : un manual práctico |
| 250 | |a 2a.ed. | ||
| 260 | |a Barcelona |b Gustavo Gili |c 1985 | ||
| 300 | |a 163 p. :il. | ||
| 650 | 7 | |a DIBUJO TECNICO | |
| 942 | |c BK |2 ddc | ||
| 991 | |a TEXTO | ||
| 999 | |c 5416 | ||